[Event "DEM U12w 2023"]
[Site "Willingen GER"]
[Date "2023.06.01"]
[Round "7"]
[White "Krannich, Eva"]
[Black "Cao, Weiqi"]
[Result "1-0"]
[Termination "normal"]
[Board "16"]
[WhiteElo "1025"]
[BlackElo "1315"]
[WhiteClock "00:59:50"]
[BlackClock "00:43:37"]
[PlyCount "41"]
[WhiteFideId "34639713"]
[BlackFideId "34630112"]
[EventCountry "GER"]
[EventRounds "9"]
[EventType "swiss"]
[EventDate "2023.05.27"]

1. f4 {[%clk 01:30:58]} {[%emt 00:00:01]} e6 {[%clk 01:30:44]} {[%emt
00:00:16]} 2. e3 {[%clk 01:31:20]} {[%emt 00:00:08]} d5 {[%clk 01:30:49]}
{[%emt 00:00:26]} 3. Nf3 {[%clk 01:31:37]} {[%emt 00:00:12]} Ne7 {[%clk
01:31:03]} {[%emt 00:00:18]} 4. d4 {[%clk 01:31:46]} {[%emt 00:00:20]} Nf5
{[%clk 01:31:05]} {[%emt 00:00:28]} 5. c3 {[%clk 01:31:31]} {[%emt 00:00:45]}
Bd6 {[%clk 01:27:18]} {[%emt 00:04:14]} 6. Bd3 {[%clk 01:30:54]} {[%emt
00:01:09]} O-O {[%clk 01:26:32]} {[%emt 00:01:18]} 7. O-O {[%clk 01:30:18]}
{[%emt 00:01:05]} Nd7 {[%clk 01:22:52]} {[%emt 00:04:11]} 8. Qe1 {[%clk
01:28:27]} {[%emt 00:02:20]} Nb6 {[%clk 01:21:12]} {[%emt 00:02:10]} 9. g4
{[%clk 01:26:48]} {[%emt 00:02:10]} Nh6 {[%clk 01:18:45]} {[%emt 00:02:52]} 10.
g5 {[%clk 01:24:06]} {[%emt 00:03:17]} Nf5 {[%clk 01:17:20]} {[%emt 00:01:54]}
11. h4 {[%clk 01:22:56]} {[%emt 00:01:41]} h6 {[%clk 01:13:00]} {[%emt
00:04:49]} 12. Bxf5 {[%clk 01:10:30]} {[%emt 00:12:58]} exf5 {[%clk 01:12:27]}
{[%emt 00:01:02]} 13. Kh1 {[%clk 01:08:49]} {[%emt 00:02:11]} Re8 {[%clk
01:07:39]} {[%emt 00:05:18]} 14. Qg3 {[%clk 01:08:14]} {[%emt 00:01:05]} g6
{[%clk 00:52:39]} {[%emt 00:15:29]} 15. gxh6 {[%clk 01:03:19]} {[%emt
00:05:26]} Kh7 {[%clk 00:51:01]} {[%emt 00:02:08]} 16. Ng5+ {[%clk 01:03:03]}
{[%emt 00:00:46]} Kg8 {[%clk 00:49:50]} {[%emt 00:01:39]} 17. h7+ {[%clk
01:02:21]} {[%emt 00:01:14]} Kg7 {[%clk 00:49:54]} {[%emt 00:00:24]} 18. h5
{[%clk 00:59:50]} {[%emt 00:03:02]} f6 {[%clk 00:46:10]} {[%emt 00:04:15]} 19.
h6+ {[%clk 00:59:44]} {[%emt 00:00:35]} Kf8 {[%clk 00:43:26]} {[%emt 00:03:14]}
20. h8=Q+ {[%emt 00:00:16]} Ke7 {[%clk 00:43:37]} {[%emt 00:00:15]} 21. Qg7#
{[%clk 00:59:50]} {[%emt 00:00:12]} 1-0

[Event "DEM U12w 2023"]
[Site "Willingen GER"]
[Date "2023.06.01"]
[Round "7"]
[White "Briese, Sophie"]
[Black "Eitel, Liz"]
[Result "1/2-1/2"]
[Termination "normal"]
[Board "17"]
[WhiteElo "1214"]
[BlackElo "971"]
[WhiteClock "01:10:06"]
[BlackClock "01:05:34"]
[PlyCount "54"]
[WhiteFideId "34660305"]
[BlackFideId "34622195"]
[EventCountry "GER"]
[EventRounds "9"]
[EventType "swiss"]
[EventDate "2023.05.27"]

1. e4 {[%clk 01:30:58]} {[%emt 00:00:02]} e5 {[%clk 01:30:47]} {[%emt
00:00:13]} 2. Nf3 {[%clk 01:31:23]} {[%emt 00:00:06]} Nc6 {[%clk 01:31:09]}
{[%emt 00:00:08]} 3. Nc3 {[%clk 01:31:47]} {[%emt 00:00:06]} Bc5 {[%clk
01:30:40]} {[%emt 00:00:59]} 4. Nxe5 {[%clk 01:31:36]} {[%emt 00:00:42]} Nxe5
{[%clk 01:30:40]} {[%emt 00:00:29]} 5. d4 {[%clk 01:31:57]} {[%emt 00:00:08]}
Bd6 {[%clk 01:30:53]} {[%emt 00:00:18]} 6. dxe5 {[%clk 01:32:06]} {[%emt
00:00:21]} Bxe5 {[%clk 01:31:10]} {[%emt 00:00:12]} 7. Bd2 {[%clk 01:31:44]}
{[%emt 00:00:52]} c6 {[%clk 01:30:56]} {[%emt 00:00:44]} 8. Bc4 {[%clk
01:31:30]} {[%emt 00:00:43]} Nf6 {[%clk 01:30:09]} {[%emt 00:01:18]} 9. Bg5
{[%clk 01:31:14]} {[%emt 00:00:46]} Qc7 {[%clk 01:26:26]} {[%emt 00:04:12]} 10.
h3 {[%clk 01:30:30]} {[%emt 00:01:14]} h6 {[%clk 01:26:05]} {[%emt 00:00:52]}
11. Bxf6 {[%clk 01:30:09]} {[%emt 00:00:51]} Bxf6 {[%clk 01:26:20]} {[%emt
00:00:15]} 12. Qf3 {[%clk 01:28:39]} {[%emt 00:02:00]} O-O {[%clk 01:24:12]}
{[%emt 00:02:36]} 13. O-O {[%clk 01:28:02]} {[%emt 00:01:08]} b5 {[%clk
01:23:46]} {[%emt 00:00:57]} 14. Bd3 {[%clk 01:27:23]} {[%emt 00:01:10]} Bb7
{[%clk 01:18:28]} {[%emt 00:05:47]} 15. Rab1 {[%clk 01:26:05]} {[%emt
00:01:47]} b4 {[%clk 01:18:28]} {[%emt 00:00:31]} 16. Ne2 {[%clk 01:24:42]}
{[%emt 00:01:53]} d5 {[%clk 01:18:22]} {[%emt 00:00:36]} 17. c3 {[%clk
01:23:09]} {[%emt 00:02:03]} a5 {[%clk 01:16:33]} {[%emt 00:02:18]} 18. Rfe1
{[%clk 01:21:26]} {[%emt 00:02:12]} Rfe8 {[%clk 01:13:47]} {[%emt 00:03:16]}
19. Qf5 {[%clk 01:18:13]} {[%emt 00:03:43]} Bc8 {[%clk 01:11:55]} {[%emt
00:02:22]} 20. Qf4 {[%clk 01:16:55]} {[%emt 00:01:48]} Qxf4 {[%clk 01:11:43]}
{[%emt 00:00:42]} 21. Nxf4 {[%clk 01:17:15]} {[%emt 00:00:10]} Bb7 {[%clk
01:11:28]} {[%emt 00:00:44]} 22. cxb4 {[%clk 01:13:30]} {[%emt 00:04:15]} axb4
{[%clk 01:11:48]} {[%emt 00:00:11]} 23. a3 {[%clk 01:13:18]} {[%emt 00:00:43]}
bxa3 {[%clk 01:09:38]} {[%emt 00:02:40]} 24. bxa3 {[%clk 01:13:25]} {[%emt
00:00:22]} Re7 {[%clk 01:09:56]} {[%emt 00:00:11]} 25. Rb3 {[%clk 01:12:29]}
{[%emt 00:01:26]} Ra4 {[%clk 01:09:10]} {[%emt 00:01:17]} 26. f3 {[%clk
01:11:18]} {[%emt 00:01:40]} Bh4 {[%clk 01:08:34]} {[%emt 00:01:03]} 27. Reb1
{[%clk 01:10:06]} {[%emt 00:01:45]} Ra7 {[%clk 01:05:34]} {[%emt 00:03:30]}
1/2-1/2

[Event "DEM U12w 2023"]
[Site "Willingen GER"]
[Date "2023.06.01"]
[Round "7"]
[White "Rutschmann, Polly"]
[Black "Borck, Elena"]
[Result "1/2-1/2"]
[Termination "normal"]
[Board "19"]
[WhiteElo "1023"]
[BlackElo "970"]
[WhiteClock "00:08:53"]
[BlackClock "00:30:40"]
[PlyCount "106"]
[WhiteFideId "34621261"]
[BlackFideId "16275446"]
[EventCountry "GER"]
[EventRounds "9"]
[EventType "swiss"]
[EventDate "2023.05.27"]

1. e4 {[%clk 01:30:55]} {[%emt 00:00:03]} e6 {[%clk 01:30:54]} {[%emt
00:00:07]} 2. d4 {[%emt 00:00:57]} d5 {[%clk 01:31:10]} 3. exd5 {[%clk
01:30:52]} {[%emt 00:00:20]} exd5 {[%clk 01:31:33]} {[%emt 00:00:08]} 4. Bd3
{[%clk 01:30:46]} {[%emt 00:00:34]} Bd6 {[%clk 01:31:53]} {[%emt 00:00:11]} 5.
Nf3 {[%clk 01:30:28]} {[%emt 00:00:47]} Nc6 {[%clk 01:32:10]} {[%emt 00:00:14]}
6. c3 {[%clk 01:26:01]} {[%emt 00:04:57]} Nge7 {[%clk 01:32:24]} {[%emt
00:00:17]} 7. O-O {[%clk 01:10:43]} {[%emt 00:15:47]} Bg4 {[%clk 01:32:40]}
{[%emt 00:00:15]} 8. Re1 {[%clk 00:58:20]} {[%emt 00:12:50]} Qd7 {[%clk
01:32:37]} {[%emt 00:00:36]} 9. Nbd2 {[%clk 00:55:10]} {[%emt 00:03:36]} O-O-O
{[%clk 01:31:56]} {[%emt 00:01:14]} 10. b4 {[%clk 00:51:35]} {[%emt 00:04:05]}
Bf5 {[%clk 01:29:30]} {[%emt 00:02:57]} 11. Bxf5 {[%clk 00:47:51]} {[%emt
00:04:12]} Nxf5 {[%clk 01:29:19]} {[%emt 00:00:43]} 12. Qa4 {[%clk 00:45:53]}
{[%emt 00:02:25]} a6 {[%clk 01:10:19]} {[%emt 00:19:34]} 13. Qb3 {[%clk
00:41:48]} {[%emt 00:04:32]} Nce7 {[%clk 01:05:55]} {[%emt 00:04:57]} 14. a4
{[%clk 00:39:49]} {[%emt 00:02:28]} b5 {[%clk 01:02:08]} {[%emt 00:04:18]} 15.
axb5 {[%clk 00:39:15]} {[%emt 00:01:03]} Qxb5 {[%clk 01:02:24]} {[%emt
00:00:15]} 16. Qa3 {[%clk 00:35:06]} {[%emt 00:04:34]} Kb7 {[%clk 01:00:07]}
{[%emt 00:02:51]} 17. Qa4 {[%clk 00:29:29]} {[%emt 00:06:05]} Ra8 {[%clk
00:57:56]} {[%emt 00:02:44]} 18. Qxb5+ {[%clk 00:28:43]} {[%emt 00:01:15]} axb5
{[%clk 00:58:13]} {[%emt 00:00:13]} 19. Rxa8 {[%clk 00:29:03]} {[%emt
00:00:09]} Rxa8 {[%clk 00:58:39]} {[%emt 00:00:05]} 20. Ng5 {[%clk 00:28:04]}
{[%emt 00:01:27]} h5 {[%clk 00:51:27]} {[%emt 00:07:44]} 21. Nxf7 {[%clk
00:27:54]} {[%emt 00:00:40]} Ra6 {[%clk 00:50:01]} {[%emt 00:01:57]} 22. Nxd6+
{[%clk 00:27:49]} {[%emt 00:00:34]} Rxd6 {[%clk 00:50:19]} {[%emt 00:00:13]}
23. h3 {[%clk 00:26:52]} {[%emt 00:01:26]} Rg6 {[%clk 00:46:56]} {[%emt
00:03:53]} 24. f3 {[%clk 00:25:32]} {[%emt 00:01:48]} Ng8 {[%clk 00:44:59]}
{[%emt 00:02:29]} 25. g4 {[%clk 00:23:55]} {[%emt 00:02:07]} hxg4 {[%clk
00:45:18]} {[%emt 00:00:11]} 26. hxg4 {[%clk 00:24:13]} {[%emt 00:00:11]} Nh4
{[%clk 00:45:10]} {[%emt 00:00:39]} 27. Re8 {[%clk 00:23:40]} {[%emt 00:01:02]}
Nf6 {[%clk 00:43:43]} {[%emt 00:01:59]} 28. Re6 {[%clk 00:22:18]} {[%emt
00:01:46]} Nh7 {[%clk 00:40:46]} {[%emt 00:03:32]} 29. Rxg6 {[%clk 00:22:35]}
{[%emt 00:00:13]} Nxg6 {[%clk 00:41:09]} {[%emt 00:00:07]} 30. Nb3 {[%clk
00:20:40]} {[%emt 00:02:24]} Nh4 {[%clk 00:40:42]} {[%emt 00:00:58]} 31. Kf2
{[%clk 00:20:44]} {[%emt 00:00:26]} g5 {[%clk 00:40:26]} {[%emt 00:00:47]} 32.
f4 {[%clk 00:20:39]} {[%emt 00:00:34]} gxf4 {[%clk 00:40:44]} {[%emt 00:00:13]}
33. Bxf4 {[%clk 00:20:59]} {[%emt 00:00:09]} Nf6 {[%clk 00:40:29]} {[%emt
00:00:46]} 34. g5 {[%clk 00:21:09]} {[%emt 00:00:20]} Ne4+ {[%clk 00:40:47]}
{[%emt 00:00:12]} 35. Ke3 {[%clk 00:21:36]} {[%emt 00:01:48]} Nxc3 {[%clk
00:42:12]} {[%emt 00:00:45]} 36. Nc5+ {[%clk 00:20:29]} {[%emt 00:01:36]} Kb6
{[%clk 00:40:21]} {[%emt 00:02:22]} 37. Ne6 {[%clk 00:20:14]} {[%emt 00:00:43]}
c6 {[%clk 00:38:33]} {[%emt 00:02:20]} 38. Nf8 {[%clk 00:18:17]} {[%emt
00:02:26]} Nf5+ {[%clk 00:36:33]} {[%emt 00:02:32]} 39. Kf3 {[%clk 00:17:45]}
{[%emt 00:02:00]} Nxd4+ {[%clk 00:35:49]} {[%emt 00:01:15]} 40. Ke3 {[%clk
00:17:36]} {[%emt 00:00:36]} Nf5+ {[%clk 00:35:55]} {[%emt 00:00:27]} 41. Kd3
{[%clk 00:17:39]} {[%emt 00:00:23]} d4 {[%clk 00:35:42]} {[%emt 00:00:47]} 42.
g6 {[%clk 00:17:41]} {[%emt 00:00:25]} Nd5 {[%clk 00:35:51]} {[%emt 00:00:24]}
43. Ke4 {[%clk 00:15:25]} {[%emt 00:02:43]} Nxf4 {[%clk 00:34:08]} {[%emt
00:02:16]} 44. Kxf4 {[%clk 00:15:18]} {[%emt 00:00:34]} d3 {[%clk 00:34:28]}
{[%emt 00:00:13]} 45. Kxf5 {[%clk 00:15:28]} {[%emt 00:00:17]} d2 {[%clk
00:34:51]} {[%emt 00:00:10]} 46. g7 {[%clk 00:15:52]} {[%emt 00:00:05]} d1=Q
{[%emt 00:00:05]} 47. g8=Q {[%clk 00:16:05]} {[%emt 00:00:13]} Qd3+ {[%clk
00:33:53]} {[%emt 00:01:57]} 48. Kf6 {[%clk 00:14:26]} {[%emt 00:02:06]} Qd6
{[%clk 00:33:23]} {[%emt 00:01:02]} 49. Kf7 {[%clk 00:14:11]} {[%emt 00:00:42]}
c5 {[%clk 00:33:17]} {[%emt 00:00:40]} 50. Qg1 {[%clk 00:13:21]} {[%emt
00:01:12]} Qf4+ {[%clk 00:32:59]} {[%emt 00:00:56]} 51. Kg7 {[%clk 00:13:00]}
{[%emt 00:00:48]} Qxb4 {[%clk 00:33:13]} {[%emt 00:00:20]} 52. Qg6+ {[%clk
00:10:00]} {[%emt 00:03:25]} Ka5 {[%clk 00:32:35]} {[%emt 00:01:12]} 53. Qc2
{[%clk 00:08:53]} {[%emt 00:01:36]} Qc4 {[%clk 00:30:40]} {[%emt 00:01:51]}
1/2-1/2

[Event "DEM U12w 2023"]
[Site "Willingen GER"]
[Date "2023.06.01"]
[Round "7"]
[White "Neumann, Anna-Lena"]
[Black "Myronova, Alisa"]
[Result "0-1"]
[Termination "normal"]
[Board "20"]
[WhiteElo "740"]
[BlackElo "1314"]
[WhiteClock "00:38:44"]
[BlackClock "01:28:13"]
[PlyCount "90"]
[WhiteFideId "34660321"]
[BlackFideId "34160671"]
[EventCountry "GER"]
[EventRounds "9"]
[EventType "swiss"]
[EventDate "2023.05.27"]

1. e4 {[%clk 01:30:59]} c6 {[%clk 01:30:53]} {[%emt 00:00:07]} 2. d4 {[%clk
01:31:14]} {[%emt 00:00:15]} d5 {[%clk 01:31:20]} {[%emt 00:00:03]} 3. e5
{[%clk 01:30:57]} {[%emt 00:00:47]} Bf5 {[%clk 01:31:45]} {[%emt 00:00:05]} 4.
Nf3 {[%clk 01:30:57]} {[%emt 00:00:30]} e6 {[%clk 01:32:11]} {[%emt 00:00:05]}
5. Nc3 {[%clk 01:30:41]} {[%emt 00:00:46]} c5 {[%clk 01:32:02]} {[%emt
00:00:40]} 6. Bb5+ {[%clk 01:30:41]} {[%emt 00:00:30]} Nd7 {[%clk 01:32:10]}
{[%emt 00:00:20]} 7. Be3 {[%clk 01:30:23]} {[%emt 00:00:48]} a6 {[%clk
01:32:10]} {[%emt 00:00:32]} 8. Ba4 {[%clk 01:30:06]} {[%emt 00:00:46]} b5
{[%clk 01:32:31]} {[%emt 00:00:09]} 9. Nxb5 {[%clk 01:29:20]} {[%emt 00:01:16]}
axb5 {[%clk 01:32:48]} {[%emt 00:00:13]} 10. Bxb5 {[%clk 01:29:31]} {[%emt
00:00:19]} Qa5+ {[%clk 01:33:04]} {[%emt 00:00:15]} 11. Qd2 {[%clk 01:28:24]}
{[%emt 00:01:36]} Qxb5 {[%clk 01:33:26]} {[%emt 00:00:08]} 12. Qc3 {[%clk
01:27:37]} {[%emt 00:01:15]} c4 {[%clk 01:33:08]} {[%emt 00:00:51]} 13. a3
{[%clk 01:26:46]} {[%emt 00:01:21]} Ne7 {[%clk 01:31:39]} {[%emt 00:01:58]} 14.
O-O {[%clk 01:25:53]} {[%emt 00:01:23]} Nc6 {[%clk 01:31:58]} {[%emt 00:00:11]}
15. Bd2 {[%clk 01:23:00]} {[%emt 00:03:22]} Be7 {[%clk 01:32:05]} {[%emt
00:00:24]} 16. Bg5 {[%clk 01:17:25]} {[%emt 00:06:04]} O-O {[%clk 01:31:38]}
{[%emt 00:00:57]} 17. Bxe7 {[%clk 01:17:33]} {[%emt 00:00:23]} Nxe7 {[%clk
01:32:03]} {[%emt 00:00:05]} 18. Qe3 {[%clk 01:16:50]} {[%emt 00:01:12]} h6
{[%clk 01:31:45]} {[%emt 00:00:49]} 19. Nh4 {[%clk 01:14:40]} {[%emt 00:02:40]}
Bg6 {[%clk 01:31:51]} {[%emt 00:00:24]} 20. Qg3 {[%clk 01:09:57]} {[%emt
00:05:10]} Bxc2 {[%clk 01:31:43]} {[%emt 00:00:42]} 21. Rac1 {[%clk 01:08:43]}
{[%emt 00:01:43]} Bg6 {[%clk 01:31:45]} {[%emt 00:00:28]} 22. Rc3 {[%clk
01:05:13]} {[%emt 00:04:01]} Nf5 {[%clk 01:30:52]} {[%emt 00:01:22]} 23. Qg4
{[%clk 01:03:52]} {[%emt 00:01:49]} Nxh4 {[%clk 01:31:08]} {[%emt 00:00:15]}
24. Qxh4 {[%clk 01:03:30]} {[%emt 00:00:50]} Qxb2 {[%clk 01:30:48]} {[%emt
00:00:52]} 25. Rg3 {[%clk 01:02:34]} {[%emt 00:01:25]} Rxa3 {[%clk 01:30:42]}
{[%emt 00:00:38]} 26. Qe7 {[%clk 00:59:30]} {[%emt 00:03:30]} Rxg3 {[%clk
01:30:29]} {[%emt 00:00:47]} 27. hxg3 {[%clk 00:59:30]} {[%emt 00:00:30]} Qb5
{[%clk 01:30:47]} {[%emt 00:00:11]} 28. g4 {[%clk 00:55:47]} {[%emt 00:04:14]}
Bd3 {[%clk 01:29:12]} {[%emt 00:02:05]} 29. Re1 {[%clk 00:54:59]} {[%emt
00:01:18]} c3 {[%clk 01:28:14]} {[%emt 00:01:28]} 30. Rc1 {[%clk 00:54:43]}
{[%emt 00:00:42]} c2 {[%clk 01:28:32]} {[%emt 00:00:15]} 31. g5 {[%clk
00:54:13]} {[%emt 00:01:00]} hxg5 {[%clk 01:28:43]} {[%emt 00:00:20]} 32. Qxg5
{[%clk 00:54:02]} {[%emt 00:00:39]} Qb4 {[%clk 01:28:44]} {[%emt 00:00:31]} 33.
g3 {[%clk 00:52:02]} {[%emt 00:02:28]} Bg6 {[%clk 01:28:43]} {[%emt 00:00:33]}
34. Rf1 {[%clk 00:50:58]} {[%emt 00:01:31]} Qxd4 {[%clk 01:27:58]} {[%emt
00:01:18]} 35. Qf4 {[%clk 00:48:04]} {[%emt 00:03:22]} Qxe5 {[%clk 01:27:45]}
{[%emt 00:00:45]} 36. Qd2 {[%clk 00:45:10]} {[%emt 00:03:21]} Nf6 {[%clk
01:27:47]} {[%emt 00:00:30]} 37. Qf4 {[%clk 00:43:38]} {[%emt 00:02:02]} Qxf4
{[%clk 01:28:09]} {[%emt 00:00:10]} 38. gxf4 {[%emt 00:00:24]} Rb8 {[%emt
00:00:14]} 39. Kg2 {[%clk 00:39:47]} {[%emt 00:03:41]} Rb1 {[%clk 01:28:30]}
{[%emt 00:00:09]} 40. Rh1 {[%clk 00:38:59]} {[%emt 00:01:18]} Rxh1 {[%clk
01:28:52]} {[%emt 00:00:10]} 41. Kxh1 {[%clk 00:39:19]} {[%emt 00:00:10]} c1=Q+
{[%clk 01:29:15]} {[%emt 00:00:07]} 42. Kg2 {[%clk 00:39:14]} {[%emt 00:00:35]}
Qc3 {[%clk 01:29:20]} {[%emt 00:00:25]} 43. f3 {[%clk 00:39:04]} {[%emt
00:00:40]} Qe3 {[%clk 01:28:55]} {[%emt 00:00:53]} 44. Kg3 {[%clk 00:38:53]}
{[%emt 00:00:43]} Bf5 {[%clk 01:28:54]} {[%emt 00:00:32]} 45. Kh4 {[%clk
00:38:44]} {[%emt 00:00:36]} Qxf4# {[%clk 01:28:13]} {[%emt 00:00:11]} 0-1

[Event "DEM U12w 2023"]
[Site "Willingen GER"]
[Date "2023.06.01"]
[Round "7"]
[White "Margaryan, Mari"]
[Black "Baus, Louise Marie"]
[Result "1-0"]
[Termination "normal"]
[Board "21"]
[WhiteElo "949"]
[BlackElo "759"]
[WhiteClock "01:02:49"]
[BlackClock "01:23:48"]
[PlyCount "65"]
[WhiteFideId "16279700"]
[BlackFideId "34660291"]
[EventCountry "GER"]
[EventRounds "9"]
[EventType "swiss"]
[EventDate "2023.05.27"]

1. d4 {[%clk 01:30:58]} {[%emt 00:00:01]} d5 {[%clk 01:30:55]} {[%emt
00:00:06]} 2. Bf4 {[%clk 01:31:22]} {[%emt 00:00:06]} Nc6 {[%clk 01:31:02]}
{[%emt 00:00:23]} 3. Nc3 {[%clk 01:31:46]} {[%emt 00:00:07]} e6 {[%clk
01:31:19]} {[%emt 00:00:12]} 4. Nb5 {[%clk 01:31:51]} {[%emt 00:00:24]} Bb4+
{[%clk 01:31:13]} {[%emt 00:00:37]} 5. c3 {[%clk 01:32:03]} {[%emt 00:00:18]}
Bd6 {[%clk 01:31:29]} {[%emt 00:00:14]} 6. Nxd6+ {[%clk 01:32:07]} {[%emt
00:00:25]} cxd6 {[%clk 01:31:45]} {[%emt 00:00:13]} 7. Nf3 {[%clk 01:31:54]}
{[%emt 00:00:44]} e5 {[%clk 01:31:20]} {[%emt 00:00:55]} 8. dxe5 {[%clk
01:32:12]} {[%emt 00:00:13]} dxe5 {[%clk 01:31:39]} {[%emt 00:00:11]} 9. Nxe5
{[%clk 01:31:56]} {[%emt 00:00:45]} Nge7 {[%clk 01:31:41]} {[%emt 00:00:28]}
10. Nxc6 {[%clk 01:31:41]} {[%emt 00:00:45]} Nxc6 {[%clk 01:31:58]} {[%emt
00:00:12]} 11. e3 {[%clk 01:31:18]} {[%emt 00:00:53]} O-O {[%clk 01:32:04]}
{[%emt 00:00:25]} 12. Bd3 {[%clk 01:31:27]} {[%emt 00:00:20]} Qh4 {[%clk
01:31:09]} {[%emt 00:01:25]} 13. g3 {[%clk 01:29:34]} {[%emt 00:02:23]} Qf6
{[%clk 01:30:45]} {[%emt 00:00:53]} 14. Qc2 {[%clk 01:29:12]} {[%emt 00:00:53]}
g6 {[%clk 01:30:50]} {[%emt 00:00:24]} 15. h4 {[%clk 01:28:58]} {[%emt
00:00:44]} Re8 {[%clk 01:30:43]} {[%emt 00:00:37]} 16. g4 {[%emt 00:02:31]}
Bxg4 {[%emt 00:00:25]} 17. Be2 {[%clk 01:24:03]} {[%emt 00:02:23]} h5 {[%clk
01:30:57]} {[%emt 00:00:22]} 18. Bg5 {[%clk 01:22:42]} {[%emt 00:01:52]} Qe5
{[%clk 01:30:10]} {[%emt 00:01:17]} 19. Bxg4 {[%clk 01:22:25]} {[%emt
00:00:47]} hxg4 {[%clk 01:30:27]} {[%emt 00:00:13]} 20. O-O-O {[%clk 01:19:37]}
{[%emt 00:03:18]} Rad8 {[%clk 01:29:27]} {[%emt 00:01:30]} 21. Bxd8 {[%clk
01:19:11]} {[%emt 00:00:56]} Nxd8 {[%clk 01:29:38]} {[%emt 00:00:19]} 22. Rhg1
{[%clk 01:17:43]} {[%emt 00:01:56]} f5 {[%clk 01:28:18]} {[%emt 00:01:52]} 23.
Qd3 {[%clk 01:16:53]} {[%emt 00:01:18]} Qh2 {[%clk 01:26:59]} {[%emt 00:01:51]}
24. Qxd5+ {[%clk 01:16:31]} {[%emt 00:00:52]} Ne6 {[%clk 01:25:56]} {[%emt
00:01:34]} 25. Rgf1 {[%clk 01:14:06]} {[%emt 00:02:54]} Qxh4 {[%clk 01:25:55]}
{[%emt 00:00:32]} 26. Qxb7 {[%clk 01:14:19]} {[%emt 00:00:16]} a5 {[%clk
01:25:50]} {[%emt 00:00:35]} 27. Qb5 {[%clk 01:09:24]} {[%emt 00:05:25]} Nc7
{[%clk 01:24:29]} {[%emt 00:01:51]} 28. Qxa5 {[%clk 01:04:39]} {[%emt
00:05:15]} Ra8 {[%clk 01:24:04]} {[%emt 00:00:55]} 29. Qxc7 {[%clk 01:04:26]}
{[%emt 00:00:42]} g5 {[%clk 01:23:57]} {[%emt 00:00:39]} 30. Rd5 {[%clk
01:03:24]} {[%emt 00:01:23]} f4 {[%clk 01:23:54]} {[%emt 00:00:41]} 31. Rfd1
{[%clk 01:03:28]} {[%emt 00:00:26]} Kf8 {[%clk 01:23:35]} {[%emt 00:00:51]} 32.
Rd8+ {[%clk 01:02:31]} {[%emt 00:01:26]} Rxd8 {[%clk 01:23:48]} {[%emt
00:00:17]} 33. Rxd8# {[%clk 01:02:49]} {[%emt 00:00:12]} 1-0